Statistiken für Flaggen der Kanadischen Provinzen und Territorien

Klicken Sie hier um das Quiz zu spielen!

Allgemein

  • Dieses Quiz wurde 40 mal gespielt
    (24 seit der letzten Aktualisierung)
  • Das Durchschnittsergebnis liegt bei 8 aus 13

Antwortstatistiken

Antwort% Korrekt
Quebec
95%
Nunavut
75%
Alberta
70%
British Columbia
70%
Manitoba
70%
New Brunswick
70%
Yukon
70%
Nova Scotia
65%
Ontario
60%
Saskatchewan
60%
Prince Edward Island
50%
Neufundland und Labrador
35%
Nordwest Territorien
30%

Verteilung der Resultate

Perzentil nach korrekt beantworteten Fragen

Anzahl Personen mit jedem Resultat

Ihre Resultats-Entwicklung

Sie haben dieses Quiz seit der letzten Aktualisierung nicht gespielt